Score 0/24 Timer 03:00
0 Plays Today
Show Word % Correct
The Andy ____ ShowGriffith
92.2%
Car 54, Where Are ____?You
90.8%
The ____ ZoneTwilight
88.2%
____ Van Gogh: A Self-PortraitVincent
86.9%
The ____ Garland ShowJudy
86.3%
____ 66Route
83%
Walt Disney's ____ World of ColorWonderful
80.4%
The Red ____ ShowSkelton
77.1%
____ Hall of FameHallmark
73.2%
Bus ____Stop
69.9%
The Bob ____ ShowNewhart
69.3%
The Donna ____ ShowReed
67.3%
Show Word % Correct
The Gertrude Berg ____Show
66.7%
The ____ Telephone HourBell
58.2%
Ben ____Casey
51%
Dr. ____Kildare
49.7%
____ for TomorrowSearch
45.1%
____ CityNaked
43.1%
The Garry ____ ShowMoore
41.8%
Perry Como's Kraft ____ HallMusic
40.5%
____ EdieHere's
31.4%
____ PremiereAlcoa
27.5%
The Dick ____ TheatrePowell
27.5%
David Brinkley's ____Journal
19.6%
Remove Ads.
Support Sporcle.
Get the best of Sporcle when you Go Orange. This ad-free experience offers more features, more stats, and more fun while also helping to support Sporcle. Thank you for becoming a member.

You're not logged in!

Compare scores with friends on all Sporcle quizzes.
OR
Log In

Show Comments

Extras

Top Quizzes Today


Score Distribution

Your Account Isn't Verified!

In order to create a playlist on Sporcle, you need to verify the email address you used during registration. Go to your Sporcle Settings to finish the process.

Report this User

Report this user for behavior that violates our Community Guidelines.

Details: